SAT Vocab 2 - Statistics

General Stats
  • This quiz has been taken 55 times
  • The average score is 4 of 22
Answer Stats
Answer Hint % Correct
Demographics (n) the study of statistics relating to human populations
50%
Adroit (adj) cleverly skillful
42%
Affable (adj) friendly; easy to talk to
38%
Consecrate (v) to make or declare sacred
38%
Alacrity (n) cheerful readiness; liveliness
33%
Acumen (n) keen discernment or perception
25%
Acrid (adj) unpleasantly sharp
21%
Cryptic (adj) mysterious in meaning
21%
Culpable (adj) guilty
21%
Deft (adj) dexterous; nimble; skillful
21%
Allay (v) to calm or quiet
17%
Blatant (adj) flagrant; brazenly obvious
17%
Contrite (adj) showing sincere remorse
17%
Acquit (v) to clear a wrongdoing
13%
Circumlocution (n) a roundabout expression
13%
Acrimony (n) harsh words or behavior
8%
Affect (v) to give the appearance of; to pretend
8%
Copious (adj) lavish; plentiful
8%
Culprit (n) a person guilty of an offensive
8%
Affront (n) a personally offensive word or action
4%
Atrocious (adj) shockingly bad
4%
Consummate (adj) supremely skilled
4%
No matching quizzes found
Score Distribution
Percent of People with Each Score
Percentile by Number Answered
Your Score History
You have not taken this quiz